The challenges of curbing North South Migration of Teenage Girls in Ghana (Record no. 8344)
[ view plain ]
| 000 -LEADER | |
|---|---|
| fixed length control field | 00612nam a22001457a 4500 |
| 020 ## - INTERNATIONAL STANDARD BOOK NUMBER | |
| ISBN | 9789988351762 |
| 050 ## - CALL NUMBER | |
| Classification number | JV6035 |
| Item number | .An8 |
| 100 ## - AUTHOR | |
| Personal name | Ansong, Gorgina |
| 245 ## - TITLE | |
| Title | The challenges of curbing North South Migration of Teenage Girls in Ghana |
| Statement of responsibility, etc | Ansong, Gorgina |
| 260 ## - PUBLICATION INFORMATION | |
| Place of publication | Ghana- Accra |
| Name of publisher | The challenges of curbing North South Migration of Teenage Girls in Ghana |
| 300 ## - DESCRIPTION | |
| Number of Pages | 218p.: |
| Dimensions | 20cm. |
| 505 ## - FORMATTED CONTENTS NOTE | |
| Table of Content | 1. Northern Ghana in context<br/>2. Social life and Poverty in Northern Ghana<br/>3. Conceptual, Theoretical and Empirical issues<br/>4. Socio- Economic Benefits of Migration |
| 650 ## - SUBJECTS | |
| Topical Term | Economics |
| 942 ## - ADDED ENTRY ELEMENTS (KOHA) | |
| Koha item type | Books |
| Withdrawn status | Lost status | Collection code | Home library | Current library | Shelving location | Date acquired | Full call number | Accession Number | Koha item type |
|---|---|---|---|---|---|---|---|---|---|
| Reference | Methodist University Library Main | Methodist University Library Main | General Stacks | 24/05/2023 | JV6035 .An8 | 8846 | Reference |